Żużel: 10 najbardziej utytułowanych zawodników DMP na żużlu - Statystyki

Ogólne statystyki
  • Ten quiz został rozwiązany 1 186 razy
  • Średni wynik to 4 z 10
Statystyki odpowiedzi
Hint Odpowiedź % Poprawnych
10 Tomasz Gollob
89%
8 Janusz Kołodziej
69%
6 Jarosław Hampel
67%
7 Piotr Protasiewicz
45%
5 Antoni Woryna
30%
9 Edward Jancarz
30%
1 Stanisław Tkocz
12%
4 Andrzej Wyglenda
9%
2 Joachim Maj
6%
2 Karol Peszke
2%
Nie znaleziono quizów pasujących do podanych kryteriów
Rozkład punktacji
Procent ludzi z każdym wynikiem
Percentyl według liczby udzielonych odpowiedzi
Twoja historia wyników
Nie rozwiązałeś tego quizu